00591nam a2200205 a 4500008004100000020001500041050001600056100002200072245004800094250001200142260003400154300002100188350000900209490004100218500001700259650004000276650002600316700001900342700002400361120416s1990 ||||||||||||||||| || u a0412374803 aHF 5635 Emm aEmmanuel, Clive R10aAccounting for management control (2nd ed.) a2nd ed. aLondon:bChapman & Hallc1990 axvi, 518p. : ill a0.00 aVNR series in accounting and finance aBibliography 0aACCOUNTING--HANDBOOKS, MANUALS, ETC 0aMANAGERIAL ACCOUNTING aOtley, David T aMerchant, Kenneth A